| 000 | 00554nam a2200181Ia 4500 | ||
|---|---|---|---|
| 003 | OSt | ||
| 005 | 20200824112403.0 | ||
| 008 | 190216s9999||||xx |||||||||||||| ||und|| | ||
| 020 | _a9788178082523 | ||
| 040 | _coclc | ||
| 082 |
_a530.41 _bOMA/E |
||
| 100 |
_aOmar, M Ali _94302 |
||
| 245 | 0 |
_aElementary Solid State Physics : _bPrinciples and Applications / _cM Ali Omar |
|
| 260 |
_bPearson Education International, _c2004. _aNew Delhi: |
||
| 300 | _a669p | ||
| 650 | _aPhysics | ||
| 942 |
_cBK _2ddc _h530.41 _iOMA/E _k530.41 _mOMA/E |
||
| 999 |
_c33887 _d33887 |
||